Zlepšovanie procesu výroby CSC pásov uplatnením vhodných metód manažérstva kvality

Saved in:
Bibliographic Details
Main Author: Binčík, Radovan (Author)
Other Authors: Lestyánszka Škůrková, Katarína (Thesis advisor)
Format: Manuscript Book
Language:Slovak
Published: 2023
Subjects:
Online Access:http://is.stuba.sk/zp/portal_zp.pl?podrobnosti=170483
Tags: Add Tag
No Tags, Be the first to tag this record!

MARC

LEADER 00000ntm a22000003a 4500
001 stuzp93325
003 SK-STU
005 20230909214659.5
007 ta
008 150427s2015----xo-----f-mn---000-0-slo-d
040 |a STU  |b slo 
041 0 |a slo 
100 1 |a Binčík, Radovan  |u 064000  |4 aut  |U MTF Materiálovotechnologická fakulta  |T MTF Ústav priemyselného inžinierstva a manažmentu  |X 77700  |U M4000  |Y 84  |7 77700 
242 0 1 |a Improving the CSC belt production process by applying appropriate quality management methods  |y eng 
245 1 0 |a Zlepšovanie procesu výroby CSC pásov uplatnením vhodných metód manažérstva kvality 
260 |c 2023 
650 4 |a Zabezpečenie kvality  |2 slo 
650 4 |a Total Qaulity Management  |2 slo 
650 4 |a ISO 9001  |2 slo 
650 4 |a Riadenie rizík  |2 slo 
650 4 |a Kontrolné diagramy  |2 slo 
650 4 |a Neustále zlepšovanie  |2 slo 
650 4 |a Six Sigma  |2 slo 
650 4 |a Kontrola kvality  |2 slo 
650 4 |a Zlepšovanie procesov  |2 slo 
650 4 |a Prevencia chýb  |2 slo 
650 4 |a Analýza hlavných príčin  |2 slo 
650 4 |a Total Quality Management  |2 eng 
650 4 |a ISO 9001  |2 eng 
650 4 |a Continuous improvement  |2 eng 
650 4 |a Six Sigma  |2 eng 
650 4 |a Quality assurance  |2 eng 
650 4 |a Quality control  |2 eng 
650 4 |a Process improvement  |2 eng 
650 4 |a Defect prevention  |2 eng 
650 4 |a Root cause analysis  |2 eng 
650 4 |a Risk management  |2 eng 
650 4 |a Control charts  |2 eng 
700 1 |a Lestyánszka Škůrková, Katarína  |u 064000  |k Z1  |4 ths  |U MTF Materiálovotechnologická fakulta  |T MTF Ústav priemyselného inžinierstva a manažmentu  |X 61397  |U M4000  |Y 84  |7 61397 
856 4 |u http://is.stuba.sk/zp/portal_zp.pl?podrobnosti=170483 
996 |c M* DP-15093  |l MMSKP  |s P  |a 0  |w stuzp93325_0001